| 000 | 00505nam a2200193Ia 4500 | ||
|---|---|---|---|
| 005 | 20250923144842.0 | ||
| 008 | 008 250917s9999 xx 000 0 eng d | ||
| 037 | _aTextual | ||
| 040 |
_aDSWL _beng _cDSWL |
||
| 041 |
_aeng _2eng |
||
| 084 |
_aY12.2'N60t4, N62 _qDSWL |
||
| 245 | 0 | _aYouth in India today | |
| 260 |
_aBombay _bAllied _c1963 |
||
| 300 | _aviii,232p. | ||
| 365 |
_aINR _b14.50 |
||
| 925 | _g14.50 | ||
| 942 |
_cTEXL _hY12.2'N60t4, N62 |
||
| 999 |
_c1444179 _d1444179 |
||